| 000 | 00565nam a2200193 a 4500 | ||
|---|---|---|---|
| 005 | 20230203064242.0 | ||
| 008 | 991125s1983 mx 000 0 spa u | ||
| 020 | _a96820018X | ||
| 035 | _aUPN01000024441 | ||
| 049 | _aCG | ||
| 050 | 4 |
_aBD25 _bA3.3 |
|
| 100 | 1 | _aAceves Magdaleno, José | |
| 245 | 1 | 0 |
_aFilosofía : _bintroducción e historia / _cJosé Aceves Magdaleno. |
| 260 |
_aMéxico : _bPublicaciones Cruz O., _c1983. |
||
| 300 |
_a351 p. : _bil. |
||
| 650 | 2 |
_aFilosofía _xHistoria _910004 |
|
| 650 | 4 |
_aFILOSOFIA - _vINTRODUCCIONES _95986 |
|
| 905 | _aLibro | ||
| 999 |
_c24441 _d24441 |
||